00362 2200157 4500001002100000005001500021020002200036035002000058082000800078084001400086100001200100245002600112260002800138300002600166990001200192INLIS00000000000300820250918091343 a978-602-7735-20-0 a0010-0925000355 a813 a813 MEL s0 aMela S.1 aSuara Hati /cMela S. aJakarta :bZettu,c2012 a152 hlm ;c13 x 19 cm a0755625